Study to assess the knowledge and practice regarding self care measures to prevent pulmonary tuberculosis among student nurses (Record no. 57429)

MARC details
000 -LEADER
fixed length control field 00426nam a2200133Ia 4500
008 - FIXED-LENGTH DATA ELEMENTS--GENERAL INFORMATION
fixed length control field 220603s9999 xx 000 0 und d
082 ## - DEWEY DECIMAL CLASSIFICATION NUMBER
Item number DAM
100 ## - MAIN ENTRY--PERSONAL NAME
Personal name Dammalli Vasant
9 (RLIN) 93204
245 ## - TITLE STATEMENT
Title Study to assess the knowledge and practice regarding self care measures to prevent pulmonary tuberculosis among student nurses
260 ## - PUBLICATION, DISTRIBUTION, ETC. (IMPRINT)
Place of publication, distribution, etc. Karnataka
Name of publisher, distributor, etc. KLE University
Date of publication, distribution, etc. 2013
300 ## - PHYSICAL DESCRIPTION
Extent 109p
365 ## - TRADE PRICE
Price amount Rs.
Holdings
Withdrawn status Lost status Damaged status Not for loan Collection code Home library Current library Date acquired Vendor Total Checkouts Full call number Barcode Date last seen Bill Date Koha item type Original Barcode
        MS Smt. Bakul Tambat Institute of Nursing Education Smt. Bakul Tambat Institute of Nursing Education 19/08/2013 BTINE Teachers   MS DAM PR0141 BTIN-PR-141 10/08/2022 19/08/2013 Dissertation PR000141